000 01302 a2200253 4500
001 25202
005 20260407155535.0
008 260407a1969 arg spa d
003 AR-UNSa-BCEJYS
040 _aAR-UNSa-BCEJYS
_bspa
_cAR-UNSa-BCEJYS
080 _a519.2
_xProbabilidades y estadística matemática
245 1 0 _aIntroducción a la teoría de la estadística
250 _a4a. ed
264 1 _aMadrid :
_bAguilar
_c1969
300 _axix, 536 p.
_c21 cm.
505 _a1. Introducción - 2. Probabilidad - 3. Variables aleatorias discretas - 4. Variables aleatorias continuas - 5. Valores esperados y momentos - 6. Distribuciones continuas especiales - 7. Muestreo - 8. Estimación puntual - 9. Distribución normal multivariante - 10. Distribuciones en el muestreo - 11. Estimación por intervalos - 12. Docimasia de hipótesis - 13. Regresión e hipótesis lineales - 14. Modelos de diseños experimental - 15. Dócima sucesionales de hipótesis - 16. Métodos no paramétricos.
041 _aspa
942 _cBK
590 _aniveau_biblio:m niveau_hierar:0
100 1 _aMood, Alexander McFarlane
700 1 _aGraybill, Franklin A.
700 1 _aPro Bermejo, Rafael
856 4 1 _uhttps://www.biblioeco.unsa.edu.ar/pmb/images/libros/L128436.jpg
_yImagen de portada
_qimage/jpeg
999 _c1312
_d1312